Logos de marques par lettre - I - Statistiques

Statistiques générales
  • Ce quiz a été pris 55 767 fois
    52 003 depuis la dernière actualisation
  • Le résultat moyen est 9 sur 16
Statistiques - réponses
Par images Hint Réponse % Correct
Réseau social Instagram
100%
Mobilier IKEA
99%
Grande surface Intermarché
96%
Hôtellerie Ibis
90%
Sport Intersport
88%
Informatique Intel
74%
Navigateur Internet Explorer
70%
Recherche d'emploi Indeed
64%
Logiciel iTunes
60%
Informatique IBM
42%
Fleuriste Interflora
39%
Finance ING
31%
Automobile Infiniti
24%
Service Indigo
21%
Alimentaire Isigny-Sainte-Mère
19%
Électroménager iRobot
12%
Aucun quiz correspondant
Distribution des résultats
% des personnes avec chaque résultat
Percentile par nombre de réponses
Votre historique - résultats
Vous n’avez pas pris ce quiz depuis la dernière actualisation